000 00627nam a22001817a 4500
999 _c195455
_d195455
005 20230405104944.0
010 _aENG-136540
020 _a9789356063150
_c835.00
035 _aEN-120072
037 _bDBAD/PUB
082 _a658.800954
100 _aKashyap,Pradeep
245 _aRural Marketing/
_c Pradeep Kashyap
260 _aUttar Pradesh
_bPearson India Education Services Pvt.Ltd
_c2023
270 _a1st Floor ,Berger Tower,Plot no.C-001A/2 ,sector 16b,Noida
_bUttar Pradesh
_e201301
_mcompanysecretary.india@pearson.com
300 _axxvi, 335p.;
_c26cm(pbk)
942 _2ddc
_cEN
_h658.800954
_mKAS